NBA Teams With Most Subscribers on YouTube - Statistics

General Stats
  • This quiz has been taken 48 times
    8 since last reset
  • The average score is 7 of 10
Answer Stats
Number of Subscribers NBA Team % Correct
2.26M Golden State Warriors
100%
1.04M Los Angeles Lakers
100%
246K Boston Celtics
75%
339K Chicago Bulls
75%
457K Milwaukee Bucks
63%
776K Orlando Magic
63%
204K Dallas Mavericks
50%
222K Los Angeles Clippers
50%
318K Sacramento Kings
50%
259K Utah Jazz
50%
No matching quizzes found
Score Distribution
Percent of People with Each Score
Percentile by Number Answered
Your Score History
You have not taken this quiz since the last reset